[Event "Perm op 09"]
[Site "Perm"]
[Date "2007.09.20"]
[Round "8"]
[White "Bychenkova, Sonia"]
[Black "Mentchikov, Mikhail"]
[Result "1-0"]
[WhiteElo "2098"]
[BlackElo "2144"]
[PlyCount "39"]
[EventDate "2007.09.12"]
[EventType "swiss"]
[EventRounds "8"]
[EventCountry "RUS"]
[SourceTitle "EXT 2022"]
[Source "ChessBase"]
[SourceDate "2021.10.06"]
[SourceVersion "1"]
[SourceVersionDate "2021.10.06"]
[SourceQuality "1"]

1. e4 c5 2. c3 Nc6 3. Nf3 g6 4. d4 cxd4 5. cxd4 Bg7 6. Nc3 d6 7. Bb5 a6 8. Ba4 b5 9. Bb3 Nf6 10. h3 Bb7 11. Bf4 Nd7 12. Qd2 0-0 13. Bh6 b4 14. Nd5 a5 15. h4 e6 16. Bxg7 Kxg7 17. Ne3 Ne7 18. Ng4 h5 19. Qh6+ Kg8 20. Ng5 1-0

[Event "Perm op-A 08"]
[Site "Perm"]
[Date "2007.08.04"]
[Round "2"]
[White "Bychenkova, Sonia"]
[Black "Goldshtein, Grigory"]
[Result "0-1"]
[WhiteElo "1534"]
[BlackElo "2103"]
[PlyCount "72"]
[EventDate "2007.08.03"]
[EventType "swiss"]
[EventRounds "9"]
[EventCountry "RUS"]
[SourceTitle "EXT 2008"]
[Source "ChessBase"]
[SourceDate "2007.11.25"]
[SourceVersion "1"]
[SourceVersionDate "2007.11.25"]
[SourceQuality "1"]

1. d4 d5 2. Bg5 Nf6 3. Bxf6 exf6 4. e3 f5 5. c4 g6 6. cxd5 Qxd5 7. Nc3 Qd6 8. Bc4 c6 9. Nf3 Bg7 10. h4 b5 11. Bb3 a5 12. h5 a4 13. Bc2 0-0 14. hxg6 fxg6 15. Ne2 Qb4+ 16. Kf1 Nd7 17. Nf4 Nf6 18. a3 Qc4+ 19. Kg1 Qf7 20. b3 Nd5 21. Ng5 Qa7 22. Nxd5 cxd5 23. Nxh7 Re8 24. bxa4 bxa4 25. Ng5 Bf6 26. Nf3 Be6 27. Nh4 g5 28. Nf3 Kg7 29. Rb1 Rh8 30. Rxh8 Rxh8 31. Bxa4 g4 32. Ne5 Bxe5 33. dxe5 Kg6 34. Bc6 Qh7 35. Kf1 Qh1+ 36. Ke2 Qxg2 0-1